Tribhuvan University Central Library

Psychological science: (Record no. 106753)

MARC details
000 -LEADER
fixed length control field 00521nam a22001937a 4500
008 - FIXED-LENGTH DATA ELEMENTS--GENERAL INFORMATION
fixed length control field 230113b |||||||| |||| 00| 0 eng d
020 ## - INTERNATIONAL STANDARD BOOK NUMBER
International Standard Book Number 9780393912760
082 ## - DEWEY DECIMAL CLASSIFICATION NUMBER
Classification number 150/G499p
100 ## - MAIN ENTRY--PERSONAL NAME
Personal name Gazzaniga, Michael S.
245 ## - TITLE STATEMENT
Title Psychological science:
250 ## - EDITION STATEMENT
Edition statement 4th.ed.
260 ## - PUBLICATION, DISTRIBUTION, ETC.
Place of publication, distribution, etc. London:
Name of publisher, distributor, etc. W.W.Norton and Company,
Date of publication, distribution, etc. 2013.
300 ## - PHYSICAL DESCRIPTION
Other physical details xxxviii,725 p.;illus.
650 ## - SUBJECT ADDED ENTRY--TOPICAL TERM
Topical term or geographic name entry element Psychology
650 ## - SUBJECT ADDED ENTRY--TOPICAL TERM
Topical term or geographic name entry element Psychological science
700 ## - ADDED ENTRY--PERSONAL NAME
Personal name Heatherton, Todd F.
700 ## - ADDED ENTRY--PERSONAL NAME
Personal name Halpern, Diane F.
942 ## - ADDED ENTRY ELEMENTS (KOHA)
Source of classification or shelving scheme Dewey Decimal Classification
Koha item type General Collections
Holdings
Withdrawn status Lost status Source of classification or shelving scheme Damaged status Not for loan Home library Current library Shelving location Date acquired Total Checkouts Total Renewals Full call number Barcode Date last seen Date last checked out Price effective from Koha item type
    Dewey Decimal Classification     Tribhuvan University Central Library Tribhuvan University Central Library New Building 01/13/2023 3 1 150/G499p G88910 07/08/2025 06/09/2025 01/13/2023 General Collections
    Dewey Decimal Classification     Tribhuvan University Central Library Tribhuvan University Central Library New Building 01/13/2023 1   150/G499p G88911 05/22/2025 04/09/2025 01/13/2023 General Collections